Design and operation of small sewage works (Record no. 6701)

000 -LEADER
fixed length control field 00635nam a2200229 i 4500
001 - CONTROL NUMBER
control field 6701
003 - CONTROL NUMBER IDENTIFIER
control field BD-DhUET
008 - FIXED-LENGTH DATA ELEMENTS--GENERAL INFORMATION
fixed length control field 761012s1976 enka 000 0 eng
020 ## - INTERNATIONAL STANDARD BOOK NUMBER
International Standard Book Number 0470990155
040 ## - CATALOGING SOURCE
Original cataloging agency DLC
Transcribing agency DLC
Modifying agency BD-DhUET
082 00 - DEWEY DECIMAL CLASSIFICATION NUMBER
Classification number 628.3
Item number BAR/1976
100 1# - MAIN ENTRY--PERSONAL NAME
Personal name Barnes, D.
245 14 - TITLE STATEMENT
Title Design and operation of small sewage works
Statement of responsibility, etc. by D. Barnes and F. Wilson
250 ## - EDITION STATEMENT
Edition statement 1st ed.
260 ## - PUBLICATION, DISTRIBUTION, ETC. (IMPRINT)
Place of publication, distribution, etc. London
Name of publisher, distributor, etc. E. & F. N. Spon
Date of publication, distribution, etc. 1976.
300 ## - PHYSICAL DESCRIPTION
Extent xvi, 180 p.
Other physical details ill.
Dimensions 25 cm.
504 ## - BIBLIOGRAPHY, ETC. NOTE
Bibliography, etc Includes bibliographics
650 #0 - SUBJECT ADDED ENTRY--TOPICAL TERM
Topical term or geographic name as entry element Sewage disposal plants
650 #0 - SUBJECT ADDED ENTRY--TOPICAL TERM
Topical term or geographic name as entry element Sewage disposal, Rural
700 1# - ADDED ENTRY--PERSONAL NAME
Personal name Wilson, F.
942 ## - ADDED ENTRY ELEMENTS (KOHA)
Koha item type General Book
Holdings
Shelving location Copy number Damaged status Koha date last seen Piece designation (barcode) Koha renewals Koha full call number Date acquired Koha normalized classification for sorting Price effective from Lost status Source of classification or shelving scheme Location (home branch) Withdrawn status Koha item type Not for loan Sublocation or collection (holding branch)
Circulation section1 2014-12-0575964 628.3 /BAR/19762014-12-05628_300000000000000_BAR19762014-12-05  Central Library, BUET General Book Central Library, BUET
Circulation section2 2014-12-0548110 628.3 /BAR/19762014-12-05628_300000000000000_BAR_19762014-12-05  Central Library, BUET General Book Central Library, BUET
Circulation section3 2014-12-0548109 628.3 /BAR/19762014-12-05628_300000000000000_BAR_19762014-12-05  Central Library, BUET General Book Central Library, BUET
Circulation section4 2016-04-09535953628.3 /BAR/19762014-12-05628_300000000000000_BAR_19762014-12-05  Central Library, BUET General Book Central Library, BUET